| 000 | 00723nam a2200241 a 4500 | ||
|---|---|---|---|
| 005 | 20240910064004.0 | ||
| 008 | 031001s2001 mx r 000 0 spa d | ||
| 020 | _a9870000525 | ||
| 035 | _aUPN01000144118 | ||
| 049 | _aCG | ||
| 050 | 4 |
_aHQ35 _bV3.3 |
|
| 100 | 1 | _aVázquez Paz, Marina | |
| 245 | 1 | 0 |
_aComo ser adolescente --- y sobrevivir para contarlo / _cMarina Vázquez Paz, Alfredo Villanueva Aranda. |
| 260 |
_aBuenos Aires : _bLumen, _c2001. |
||
| 300 |
_a77 p. : _bil. |
||
| 440 | 0 | _aLumen Hoy | |
| 650 | 4 |
_aAdolescencia _91008 |
|
| 650 | 0 |
_aAdolescentes _91014 |
|
| 650 | 0 |
_aAdolescentes _xConducta de vida _91767 |
|
| 700 | 1 |
_aVillanueva Aranda, Alfredo, _ecoaut. |
|
| 905 | _aLibro | ||
| 999 |
_c116265 _d116265 |
||